| 000 | 00879nam1a22002291i 4500 | ||
|---|---|---|---|
| 001 | rc\2632105 | ||
| 005 | 20260407140159.0 | ||
| 035 | _a(NLR Aleph) 006795525 | ||
| 090 |
_a6188891 _c6188891 |
||
| 100 | _a20110914d1932 |||y0rusy50 ca | ||
| 101 | 0 | _arus | |
| 102 | _aRU | ||
| 105 | _ay z ||||| | ||
| 200 | 1 |
_aСборник материалов о политзанятиях _fПолит. упр. морских сил Балт. моря |
|
| 210 |
_aКронштадт _cПолитупр. МСБМ _d1932 _eЛенинград _gтип. Гидрографич. упр. |
||
| 215 |
_aОбл., 32 с., 1 с. на обл. _d21х15 см. |
||
| 710 | 0 | 2 |
_aБалтийский флот _bПолитическое управление _3RU\NLR\AUTH\8810005574 _9508529 |
| 801 | 0 |
_aRU _bNLR _gpsbo |
|
| 801 | 1 |
_aRU _bELAR _2rusmarc |
|
| 852 |
_aNLR _j32-10/4860 |
||
| 942 | _cBOOK | ||